000 00750nam a2200217Ia 4500
003 OSt
005 20230713141236.0
008 210716s2004 xx 000 0 und d
020 _a9788120345577
040 _cAIMIT LIBRARY
041 _aeng
082 _a004.694
_22
_bPRAC
100 _aPrabhu, C S R.
_9126666
245 _aE-governance:
_bconcepts and case studies /
_cBy C S R Prabhu
250 _a2nd ed.
260 _aNew Delhi :
_bPrentice Hall of India PVt Ltd ,
_c2015.
300 _axi,278p. ;
_bPB
_c25 cm.
650 _aE-Governance infrastructure stages in evolution and strategies for success
_9126667
650 _aApplications of data warehousing and data mining in government
_9126668
942 _2ddc
_cBK
_e2nd ed.
_k004.694 PRAC
999 _c195597
_d195597